Advances in Information and Computer Security 8th International Workshop on Security, IWSEC 2013, Okinawa, Japan, November 18-20, 2013, Proceedings /

This book constitutes the refereed proceedings of the 8th International Workshop on Security, IWSEC 2013, held in Okinawa, Japan, in November 2013. The 20 revised selected papers presented in this volume were carefully reviewed and selected from 63 submissions. They are organized in topical sections...

Full description

Bibliographic Details
Corporate Author: SpringerLink (Online service)
Other Authors: Sakiyama, Kazuo (Editor), Terada, Masayuki (Editor)
Format: Electronic eBook
Language:English
Published: Berlin, Heidelberg : Springer Berlin Heidelberg : Imprint: Springer, 2013.
Series:Lecture Notes in Computer Science, 8231
Subjects:
Online Access:Full Text via HEAL-Link
LEADER 04043nam a22005655i 4500
001 978-3-642-41383-4
003 DE-He213
005 20151103125327.0
007 cr nn 008mamaa
008 131111s2013 gw | s |||| 0|eng d
020 |a 9783642413834  |9 978-3-642-41383-4 
024 7 |a 10.1007/978-3-642-41383-4  |2 doi 
040 |d GrThAP 
050 4 |a QA76.9.A25 
072 7 |a UR  |2 bicssc 
072 7 |a UTN  |2 bicssc 
072 7 |a COM053000  |2 bisacsh 
082 0 4 |a 005.8  |2 23 
245 1 0 |a Advances in Information and Computer Security  |h [electronic resource] :  |b 8th International Workshop on Security, IWSEC 2013, Okinawa, Japan, November 18-20, 2013, Proceedings /  |c edited by Kazuo Sakiyama, Masayuki Terada. 
264 1 |a Berlin, Heidelberg :  |b Springer Berlin Heidelberg :  |b Imprint: Springer,  |c 2013. 
300 |a XII, 319 p. 53 illus.  |b online resource. 
336 |a text  |b txt  |2 rdacontent 
337 |a computer  |b c  |2 rdamedia 
338 |a online resource  |b cr  |2 rdacarrier 
347 |a text file  |b PDF  |2 rda 
490 1 |a Lecture Notes in Computer Science,  |x 0302-9743 ;  |v 8231 
505 0 |a Software and System Security -- Secure Log Transfer by Replacing a Library in a Virtual Machine -- Static Integer Overflow Vulnerability Detection in Windows Binary -- Solving Google’s Continuous Audio CAPTCHA with HMM-Based Automatic Speech Recognition -- Constructions of Almost Secure Frameproof Codes Based on Small-Bias Probability Spaces -- Cryptanalysis -- Differential Power Analysis of MAC-Keccak at Any Key-Length -- Generic State-Recovery and Forgery Attacks on ChopMD-MAC and on NMAC/HMAC -- New Property of Diffusion Switching Mechanism on CLEFIA and Its Application to DFA -- Improvement of Faug`ere et al.’s Method to Solve ECDLP -- Privacy and Cloud Computing -- Statistics on Encrypted Cloud Data -- Toward Practical Searchable Symmetric Encryption -- Unconditionally Secure Oblivious Transfer from Real Network Behavior -- Cryptographically-Secure and Efficient Remote Cancelable Biometrics Based on Public-Key Homomorphic Encryption -- Public Key Cryptosystems -- Efficient Algorithm for Tate Pairing of Composite Order -- How to Factor N1 and N2 When p1 = p2 mod 2t -- Achieving Chosen Ciphertext Security from Detectable Public Key Encryption Efficiently via Hybrid Encryption -- Cryptanalysis of the Quaternion Rainbow -- Security Protocols -- On Cheater Identifiable Secret Sharing Schemes Secure against Rushing Adversary -- One-Round Authenticated Key Exchange without Implementation Trick -- Attacks to the Proxy Re-Encryption Schemes from IWSEC2011 -- Game-Theoretic Security for Bit Commitment. 
520 |a This book constitutes the refereed proceedings of the 8th International Workshop on Security, IWSEC 2013, held in Okinawa, Japan, in November 2013. The 20 revised selected papers presented in this volume were carefully reviewed and selected from 63 submissions. They are organized in topical sections named: software and system security, cryptanalysis, privacy and cloud computing, public key cryptosystems, and security protocols. 
650 0 |a Computer science. 
650 0 |a Computer communication systems. 
650 0 |a Computer security. 
650 0 |a Data encryption (Computer science). 
650 0 |a Algorithms. 
650 0 |a Computer science  |x Mathematics. 
650 1 4 |a Computer Science. 
650 2 4 |a Systems and Data Security. 
650 2 4 |a Data Encryption. 
650 2 4 |a Discrete Mathematics in Computer Science. 
650 2 4 |a Algorithm Analysis and Problem Complexity. 
650 2 4 |a Computer Communication Networks. 
700 1 |a Sakiyama, Kazuo.  |e editor. 
700 1 |a Terada, Masayuki.  |e editor. 
710 2 |a SpringerLink (Online service) 
773 0 |t Springer eBooks 
776 0 8 |i Printed edition:  |z 9783642413827 
830 0 |a Lecture Notes in Computer Science,  |x 0302-9743 ;  |v 8231 
856 4 0 |u http://dx.doi.org/10.1007/978-3-642-41383-4  |z Full Text via HEAL-Link 
912 |a ZDB-2-SCS 
912 |a ZDB-2-LNC 
950 |a Computer Science (Springer-11645)